| 000 | 00642nam a2200217 4500 | ||
|---|---|---|---|
| 001 | 174426 | ||
| 003 | ES-MaACL | ||
| 005 | 20250530063021.0 | ||
| 008 | 100420s1969 sp a |||| | spa d | ||
| 017 | _aM 19655-1969 | ||
| 080 | _a795.4 | ||
| 080 | _a74 Mingote, Angel Antonio | ||
| 100 | 1 |
_aMingote, Antonio, _d1919-2012 _9240761 |
|
| 245 | 1 | 3 |
_aEl mus _b: reglamento, técnica, vocabulario / _cAntonio Mingote. |
| 260 |
_aMadrid : _bMyr, _c[1969] |
||
| 300 |
_a32 p., 2 h. : _bil. ; _c20 cm. |
||
| 599 | _aIlustraciones de Mingote. | ||
| 650 | 7 |
_aMus. _9142535 |
|
| 852 | 4 |
_aES-MaACL _j2256-F-13 |
|
| 999 |
_c174426 _d174426 |
||